000 00801nam a2200253Ia 4500
003 OSt
005 20220925202514.0
006 a|||||r|||| 00| 0
007 ta
008 220923b |||||||| |||| 00| 0 eng d
020 _a819014295X
_c297.5
037 _b41316, 10/07/2014, Segment Book Distrobutors
_cGeneral Book
040 _aRTL
_cRTL
_beng
041 _2eng
_aeng
082 _aY:393, P5
100 _aMONICA Narula
_9263734
245 0 _aSarai reader 05
_b Bare acts
260 _aDelhi
_bSarai Programme CSDS
_c2005
300 _aviii,581p.
_ccm.
490 _aInternational Bibliography of the Social Sciences
650 _aSociology
942 _hY:393, P5
_cGB
_2CC
999 _c543241
_d543241